[Event "SUI-ch U14"]
[Site "Geneve"]
[Date "2013.06.27"]
[Round "1"]
[White "Megret, Jean"]
[Black "Rohrer, Christophe"]
[Result "0-1"]
[WhiteElo "1664"]
[BlackElo "1925"]
[PlyCount "72"]
[EventDate "2013.06.27"]
[EventType "swiss"]
[EventRounds "7"]
[EventCountry "SUI"]
[SourceTitle "EXT 2014"]
[Source "ChessBase"]
[SourceDate "2013.11.20"]
[SourceVersion "1"]
[SourceVersionDate "2013.11.20"]
[SourceQuality "1"]

1. e4 c5 2. Nf3 e6 3. d4 cxd4 4. Nxd4 Nc6 5. Nc3 Qc7 6. Be3 a6 7. Qd2 Nf6 8. f3 h5 9. 0-0-0 Be7 10. Be2 Ne5 11. h3 h4 12. f4 Nc4 13. Bxc4 Qxc4 14. e5 Nd5 15. Nxd5 Qxd5 16. Kb1 b5 17. Qf2 Qe4 18. Rhe1 Bb7 19. g3 hxg3 20. Qxg3 Qh7 21. Rg1 g6 22. Nb3 Qxh3 23. Bc5 Qxg3 24. Rxg3 Rc8 25. Bxe7 Kxe7 26. Rgd3 Bd5 27. Nd2 Rh4 28. Rf1 Rch8 29. b3 Rh1 30. Rxh1 Rxh1+ 31. Kb2 Rh4 32. c4 Bc6 33. cxb5 axb5 34. Nf3 Rxf4 35. Nd4 Re4 36. Nf3 Re2+ 0-1